The noble scholar, jurist, historian


 His Excellency Dr. Abdul Wahhab bin Ibrahim Abu Sulaiman, may Allah have mercy on him.


 He was born in Umm Al-Qura in the year 1356 AH.

سلم الرجا للوصول إلى حل ألفاظ سفينة النجا / (Record no. 433)

MARC details
000 -LEADER
fixed length control field 01273cam a22002771i 4500
003 - CONTROL NUMBER IDENTIFIER
control field SA_RiAUC
005 - DATE AND TIME OF LATEST TRANSACTION
control field 20240919151416.0
008 - FIXED-LENGTH DATA ELEMENTS--GENERAL INFORMATION
fixed length control field 240918s1981____su g 000 0 ara c
040 ## - CATALOGING SOURCE
Original cataloging agency SA-RiKAPL
Language of cataloging ara
Transcribing agency SA-RiAUC
Description conventions rda
082 04 - DEWEY DECIMAL CLASSIFICATION NUMBER
Classification number 258.3
Assigning agency SA-RiAUC
090 ## - LOCALLY ASSIGNED LC-TYPE CALL NUMBER (OCLC); LOCAL CALL NUMBER (RLIN)
Classification number (OCLC) (R) ; Classification number, CALL (RLIN) (NR) 258.3
Local cutter number (OCLC) ; Book number/undivided call number, CALL (RLIN) ت ن ك
100 1# - MAIN ENTRY--PERSONAL NAME
Personal name تنكل، عثمان بن محمد سعيد،
Dates associated with a name ولد 1320 هجري
Relator term مؤلف.
245 10 - TITLE STATEMENT
Title سلم الرجا للوصول إلى حل ألفاظ سفينة النجا /
Statement of responsibility, etc. عثمان بن محمد سعيد تنكل. وبهامشه متن سفينة النجا / سالم بن سمير الحضرمي.
250 ## - EDITION STATEMENT
Edition statement الطبعة الثانية.
264 #1 - PRODUCTION, PUBLICATION, DISTRIBUTION, MANUFACTURE, AND COPYRIGHT NOTICE
Place of production, publication, distribution, manufacture جدة، السعودية :
Name of producer, publisher, distributor, manufacturer [الناشر غير محدد]،
Date of production, publication, distribution, manufacture, or copyright notice [1981]
264 #3 - PRODUCTION, PUBLICATION, DISTRIBUTION, MANUFACTURE, AND COPYRIGHT NOTICE
Place of production, publication, distribution, manufacture [مكان الطبع غير محدد] :
Name of producer, publisher, distributor, manufacturer مطابع كدسة التجارية
300 ## - PHYSICAL DESCRIPTION
Extent 68 صفحة ؛
Dimensions 30 سم
336 ## - CONTENT TYPE
Content type term نص
Content type code txt
Source rdacontent
Materials specified كتاب
337 ## - MEDIA TYPE
Media type term بدون وسيط
Media type code n
Source rdamedia
338 ## - CARRIER TYPE
Carrier type term مجلد
Carrier type code nc
Source rdacarrier
650 #7 - SUBJECT ADDED ENTRY--TOPICAL TERM
Topical term or geographic name entry element الفقه الشافعي
Source of heading or term aucsh
700 12 - ADDED ENTRY--PERSONAL NAME
Personal name الحضرمي، سالم بن سمير،
Dates associated with a name توفي 1262 هجري
Title of a work متن سفينة النجا.
740 02 - ADDED ENTRY--UNCONTROLLED RELATED/ANALYTICAL TITLE
Uncontrolled related/analytical title متن سفينة النجا
942 ## - ADDED ENTRY ELEMENTS (KOHA)
Source of classification or shelving scheme Dewey Decimal Classification
Koha item type Books
949 ## - LOCAL PROCESSING INFORMATION (OCLC)
a SA-JeALM
d 240918
u mohamedma123
n 1
Holdings
Withdrawn status Lost status Source of classification or shelving scheme Damaged status Not for loan Home library Current library Date acquired Total checkouts Full call number Barcode Date last seen Price effective from Koha item type
    Dewey Decimal Classification     DR AbdElwahab Library DR AbdElwahab Library 09/19/2024   258.3 ت ن ك 000000552 09/19/2024 09/19/2024 Books
    Dewey Decimal Classification     DR AbdElwahab Library DR AbdElwahab Library 09/19/2024   258.3 ت ن ك 000000553 09/19/2024 09/19/2024 Books